| 000 -LEADER |
| fixed length control field |
00460nam a2200181Ia 4500 |
| 008 - FIXED-LENGTH DATA ELEMENTS--GENERAL INFORMATION |
| fixed length control field |
200103s 2010 ||||xx |||||||||||||| ||und|| |
| 082 ## - DEWEY DECIMAL CLASSIFICATION NUMBER |
| Classification number |
623.8171 |
| Item number |
SUB |
| 100 ## - MAIN ENTRY--PERSONAL NAME |
| Personal name |
Subramaniam, H. |
| 245 #0 - TITLE STATEMENT |
| Title |
Ship stability 1 |
| 250 ## - EDITION STATEMENT |
| Edition statement |
2nd |
| 260 ## - PUBLICATION, DISTRIBUTION, ETC. (IMPRINT) |
| Name of publisher, distributor, etc |
Vijaya Publications |
| Date of publication, distribution, etc |
2010 |
| Place of publication, distribution, etc |
Mumbai |
| 300 ## - PHYSICAL DESCRIPTION |
| Extent |
290 p.: ill. |
| 440 ## - SERIES STATEMENT/ADDED ENTRY--TITLE |
| Title |
Nutshell Series Book 4 |
| 650 ## - SUBJECT ADDED ENTRY--TOPICAL TERM |
| Topical term or geographic name as entry element |
Water pressure |
| 650 ## - SUBJECT ADDED ENTRY--TOPICAL TERM |
| Topical term or geographic name as entry element |
Flotation |
| 650 ## - SUBJECT ADDED ENTRY--TOPICAL TERM |
| Topical term or geographic name as entry element |
Centre of gravity |
| 942 ## - ADDED ENTRY ELEMENTS (KOHA) |
| Item type |
Books |